<?xml version="1.0" encoding="UTF-8"?>
<collection xmlns="http://www.loc.gov/MARC21/slim">
 <record>
  <leader>01880nam a2200313   4500</leader>
  <controlfield tag="001">000024056</controlfield>
  <controlfield tag="003">20535</controlfield>
  <controlfield tag="005">20160928080919.0</controlfield>
  <controlfield tag="008">160927s2007                        viesd</controlfield>
  <datafield tag="020" ind1=" " ind2=" ">
   <subfield code="c">37000đ</subfield>
  </datafield>
  <datafield tag="041" ind1="0" ind2=" ">
   <subfield code="a">vie</subfield>
  </datafield>
  <datafield tag="082" ind1="1" ind2="4">
   <subfield code="a">639.3</subfield>
   <subfield code="b">TR-V</subfield>
  </datafield>
  <datafield tag="100" ind1="1" ind2=" ">
   <subfield code="a">Trần Văn Vỹ</subfield>
  </datafield>
  <datafield tag="245" ind1="1" ind2="0">
   <subfield code="a">Giáo trình thủy sản</subfield>
   <subfield code="c">Trần Văn Vỹ</subfield>
  </datafield>
  <datafield tag="260" ind1=" " ind2=" ">
   <subfield code="a">H.</subfield>
   <subfield code="b">Đại học Sư phạm</subfield>
   <subfield code="c">2007</subfield>
  </datafield>
  <datafield tag="300" ind1=" " ind2=" ">
   <subfield code="a">243 tr.</subfield>
   <subfield code="b">hình ảnh</subfield>
   <subfield code="c">24 cm.</subfield>
  </datafield>
  <datafield tag="520" ind1="3" ind2=" ">
   <subfield code="a">Thủy sản và đời sống con người. Nước - môi trường sống của các loài thủy sản. Đặc điểm sinh học của một số loài thủy sản.Kĩ thuật sản xuất giống thủy sản.Kỹ thuật nuôi thủy sản. Phòng và trị bệnh cho động vật thủy sản. Nguồn lợi thủy sản và công tác bảo vệ, phát triển nguồn lợi thủy sản ở Việt Nam. Phân tích một số yếu tố lí, hóa học đơn giản của môi trường nước. Quan sát một số nhóm thủy sinh vật trong nước ao nuôi cá. Nhận biết và quan sát hình dạng bên ngoài, cấu tạo bên trong của một số loài thủy sản. Tham quan một trại sản xuất giống thủy sản. Tham quan một trang trại nuôi cá, tôm thịt ở địa phương. Nhận biết một số bệnh cá, tôm và thuốc phòng trị bệnh.</subfield>
  </datafield>
  <datafield tag="650" ind1="0" ind2="4">
   <subfield code="a">Thủy sản</subfield>
   <subfield code="v">Giáo trình</subfield>
  </datafield>
  <datafield tag="653" ind1=" " ind2=" ">
   <subfield code="a">Nuôi thủy sản</subfield>
  </datafield>
  <datafield tag="OWN" ind1=" " ind2=" ">
   <subfield code="a">LSP</subfield>
  </datafield>
  <datafield tag="AVA" ind1=" " ind2=" ">
   <subfield code="a">UDN50</subfield>
   <subfield code="b">LSP</subfield>
   <subfield code="d">639.3 TR-V</subfield>
   <subfield code="e">check_holdings</subfield>
   <subfield code="t">Error 5003 Not defined in file expand_doc_bib_avail.</subfield>
   <subfield code="h">N</subfield>
   <subfield code="k">1</subfield>
  </datafield>
  <datafield tag="999" ind1=" " ind2=" ">
   <subfield code="a">From the UDN01</subfield>
  </datafield>
  <datafield tag="AVA" ind1=" " ind2=" ">
   <subfield code="a">UDN50</subfield>
   <subfield code="b">LSP</subfield>
   <subfield code="d">639.3 TR-V</subfield>
   <subfield code="e">available</subfield>
   <subfield code="t">Error 5001 Not defined in file expand_doc_bib_avail.</subfield>
   <subfield code="f">13</subfield>
   <subfield code="g">0</subfield>
   <subfield code="h">N</subfield>
   <subfield code="i">12</subfield>
   <subfield code="k">1</subfield>
  </datafield>
  <datafield tag="TYP" ind1=" " ind2=" ">
   <subfield code="a">Monograph</subfield>
  </datafield>
  <datafield tag="TYP" ind1=" " ind2=" ">
   <subfield code="a">Printed language</subfield>
  </datafield>
  <datafield tag="980" ind1=" " ind2=" ">
   <subfield code="a">Mạng thư viện Đại học Đà Nẵng</subfield>
  </datafield>
 </record>
</collection>
